[Event "VII Festival A"]
[Site "Amantea ITA"]
[Date "2009.09.05"]
[Round "7"]
[White "Rotelli, Pietro"]
[Black "Gad, Ahmad"]
[Result "1-0"]
[WhiteElo "1974"]
[BlackElo "1956"]
[PlyCount "63"]
[EventDate "2009.08.31"]

1. d4 f5 2. Nf3 Nf6 3. g3 g6 4. Bg2 Bg7 5. O-O O-O 6. c4 d6 7. Nc3 Qe8 8. b4 c6
9. Bb2 h6 10. Rb1 g5 11. e3 g4 12. Nh4 e5 13. dxe5 dxe5 14. Ne2 e4 15. Nf4 Be6
16. Qc2 Nbd7 17. Rfd1 Nb6 18. Bf1 Rf7 19. Rd6 Bd7 20. Rbd1 Qe7 21. Nhg6 Qe8 22.
Ne5 Re7 23. Neg6 Rf7 24. a4 a5 25. b5 Rd8 26. Ne6 Rc8 27. Nxg7 Kxg7 28. Nf4 Rf8
29. Qc3 Nxa4 30. Qd4 Nxb2 31. Qxb2 Rf7 32. Nh5+ 1-0

[Event "VII Festival A"]
[Site "Amantea ITA"]
[Date "2009.09.05"]
[Round "7"]
[White "Schacher, Gerd"]
[Black "Santagati, Alessandro"]
[Result "1-0"]
[WhiteElo "2318"]
[BlackElo "2147"]
[PlyCount "35"]
[EventDate "2009.08.31"]

1. Nf3 Nf6 2. c4 g6 3. g3 Bg7 4. Bg2 O-O 5. O-O c6 6. Nc3 d5 7. d4 a6 8. cxd5
cxd5 9. Bf4 Nc6 10. Ne5 Qb6 11. Na4 Qb5 12. Rc1 Bg4 13. Nxg4 Nxg4 14. Rc5 Qb4
15. e3 Nxf2 16. Rxf2 Nxd4 17. exd4 Bxd4 18. a3 1-0

[Event "VII Festival A"]
[Site "Amantea ITA"]
[Date "2009.09.05"]
[Round "7"]
[White "Schiappoli, Dario"]
[Black "Mrdja, Milan"]
[Result "0-1"]
[WhiteElo "1982"]
[BlackElo "2418"]
[PlyCount "60"]
[EventDate "2009.08.31"]

1. e4 c5 2. Nf3 d6 3. d4 cxd4 4. Nxd4 Nf6 5. Nc3 a6 6. Bc4 e6 7. Bb3 Nbd7 8. a4
Nc5 9. Ba2 Ncxe4 10. Nxe4 Nxe4 11. Qe2 d5 12. O-O Bc5 13. Be3 O-O 14. Rad1 Qe7
15. f3 Nf6 16. Nb3 Bxe3+ 17. Qxe3 Bd7 18. Nd4 Rfe8 19. Rfe1 Bxa4 20. Nf5 Qf8
21. Qf4 Bxc2 22. Nh6+ gxh6 23. Rd2 Nh5 24. Qg4+ Bg6 25. Re5 Ng7 26. Rde2 Rac8
27. Re1 Rc2 28. Bb1 Rxb2 29. Bxg6 hxg6 30. h4 h5 0-1

[Event "VII Festival A"]
[Site "Amantea ITA"]
[Date "2009.09.05"]
[Round "7"]
[White "Serratore, Vincenzo"]
[Black "Hajenius, Willem"]
[Result "0-1"]
[WhiteElo "1912"]
[BlackElo "2025"]
[PlyCount "74"]
[EventDate "2009.08.31"]

1. d4 f5 2. Nf3 Nf6 3. e3 g6 4. Bd3 Bg7 5. Qe2 c6 6. Nbd2 d5 7. Ne5 Nbd7 8. f4
Ne4 9. Ndf3 Ndf6 10. Ng5 Nxg5 11. fxg5 Ne4 12. Nf3 Be6 13. Bd2 Qb6 14. O-O-O a6
15. h4 Ng3 16. Qe1 Nxh1 17. Qxh1 c5 18. c3 Rc8 19. Kb1 Bf7 20. h5 gxh5 21. Bxf5
Bg6 22. Bxg6+ hxg6 23. Qh3 Rd8 24. Nh4 cxd4 25. exd4 O-O 26. Qd3 Rd6 27. g3 Qb5
28. Qc2 Rf1 29. Bf4 Rxd1+ 30. Qxd1 Re6 31. Nf3 Qe2 32. Kc1 Qxd1+ 33. Kxd1 b5
34. Ne5 Bxe5 35. Bxe5 Rxe5 36. dxe5 Kf7 37. Ke2 Ke6 0-1

[Event "VII Festival A"]
[Site "Amantea ITA"]
[Date "2009.09.05"]
[Round "7"]
[White "Valguarnera, Girolamo"]
[Black "Cordi', Domenico"]
[Result "1-0"]
[WhiteElo "2151"]
[BlackElo "2060"]
[PlyCount "79"]
[EventDate "2009.08.31"]

1. e4 c5 2. Nf3 d6 3. d4 cxd4 4. Nxd4 Nf6 5. Nc3 a6 6. Bc4 e6 7. O-O Be7 8. Bb3
O-O 9. Be3 Nc6 10. f4 Qc7 11. f5 Nxd4 12. Bxd4 b5 13. fxe6 fxe6 14. Kh1 Kh8 15.
a3 Bd7 16. Qe2 e5 17. Be3 Bc6 18. Bg1 Qb7 19. Rfe1 a5 20. Rad1 b4 21. axb4 Qxb4
22. Be6 a4 23. Rd3 Rfb8 24. Rh3 a3 25. bxa3 Rxa3 26. Bb3 Rba8 27. Rg3 Ra1 28.
Re3 Bd8 29. g4 Rxe1 30. Qxe1 Nxg4 31. Nd5 Qxe1 32. Rxe1 Nf6 33. Nxf6 gxf6 34.
Be6 Ra4 35. c4 f5 36. Bxf5 Rxc4 37. Kg2 Ba5 38. Ra1 Bb4 39. Kf3 d5 40. Kg4 1-0

[Event "VII Festival A"]
[Site "Amantea ITA"]
[Date "2009.09.05"]
[Round "7"]
[White "Van Asseldonk, Paul"]
[Black "Licciulli, Fabio"]
[Result "1-0"]
[WhiteElo "2107"]
[BlackElo "1937"]
[PlyCount "149"]
[EventDate "2009.08.31"]

1. e4 e6 2. d4 d5 3. Nd2 Nf6 4. e5 Nfd7 5. f4 c5 6. c3 b6 7. Bd3 Ba6 8. Bb1 g6
9. Ndf3 Qc7 10. Ne2 Nc6 11. O-O Be7 12. Rf2 Bxe2 13. Rxe2 Rc8 14. Be3 h5 15.
Bc2 cxd4 16. cxd4 b5 17. Rc1 O-O 18. Bb1 Qb6 19. h3 Na5 20. b3 Qb7 21. g4 Rxc1
22. Bxc1 hxg4 23. hxg4 Rc8 24. Bd2 b4 25. Rh2 Nc6 26. Qf1 Bf8 27. f5 exf5 28.
gxf5 Qb6 29. fxg6 fxg6 30. Bxg6 Ncxe5 31. Bh7+ Kg7 32. Qg2+ Ng6 33. Rh6 Rc6 34.
Qg4 Re6 35. Kg2 Be7 36. Bf4 Ndf8 37. Bxg6 Rxg6 38. Rxg6+ Qxg6 39. Be5+ Kg8 40.
Kh3 Qxg4+ 41. Kxg4 Kf7 42. Bb8 a6 43. Kf5 Nd7 44. Ne5+ Ke8 45. Nxd7 Kxd7 46.
Ke5 Kc6 47. Ke6 Bd8 48. Ba7 a5 49. Bc5 Bh4 50. Be7 Bf2 51. Bf6 Be3 52. Be5 Bg5
53. Bf6 Be3 54. Ke7 Bf4 55. Kd8 Bc7+ 56. Kc8 Bb6 57. Kb8 Bc7+ 58. Ka7 Bb6+ 59.
Ka6 Bc7 60. Bg5 Bb6 61. Be3 Bc7 62. Bc1 Bb6 63. Bb2 Bc7 64. a3 bxa3 65. Bxa3
Bb6 66. Bb2 Bc7 67. Bc1 Bb6 68. Be3 Bc7 69. Bf2 Bb6 70. Be3 Bc7 71. Bd2 Bb6 72.
Bc3 Bd8 73. Bxa5 Be7 74. b4 Bd6 75. b5+ 1-0

[Event "VII Festival A"]
[Site "Amantea ITA"]
[Date "2009.09.05"]
[Round "7"]
[White "Voiska, Margarita"]
[Black "Naumkin, Igor"]
[Result "1/2-1/2"]
[WhiteElo "2332"]
[BlackElo "2481"]
[PlyCount "26"]
[EventDate "2009.08.31"]

1. Nf3 Nf6 2. c4 e6 3. g3 d5 4. d4 dxc4 5. Bg2 Be7 6. O-O O-O 7. Na3 Bxa3 8.
bxa3 Nd5 9. Qc2 Nb6 10. Bb2 Bd7 11. Ne5 Bc6 12. Nxc6 Nxc6 13. Rad1 Qe7 1/2-1/2

[Event "VII Festival A"]
[Site "Amantea ITA"]
[Date "2009.09.06"]
[Round "8"]
[White "Arnetta, Maria Teresa"]
[Black "Santagati, Alessandro"]
[Result "0-1"]
[WhiteElo "2031"]
[BlackElo "2147"]
[PlyCount "68"]
[EventDate "2009.08.31"]

1. e4 e6 2. d4 d5 3. Nd2 dxe4 4. Nxe4 Nf6 5. Bg5 Be7 6. Bxf6 Bxf6 7. Nf3 Nd7 8.
c3 O-O 9. Bd3 b6 10. Qe2 Bb7 11. O-O-O Be7 12. h4 Nf6 13. Nxf6+ Bxf6 14. Kb1 h6
15. Bc2 Re8 16. Ne5 Qd6 17. f4 Kf8 18. Rhf1 Re7 19. Qd3 Bxg2 20. Rg1 Bb7 21.
Qh7 Ree8 22. Rxg7 Bxg7 23. Rg1 Bxe5 24. dxe5 Qc5 25. Qg7+ Ke7 26. Rd1 Rg8 27.
Qf6+ Ke8 28. Bh7 Rf8 29. f5 Qe7 30. Qxh6 Be4+ 31. Ka1 Rd8 32. Rg1 Qc5 33. Re1
Qf2 34. Rc1 Qd2 0-1

[Event "VII Festival A"]
[Site "Amantea ITA"]
[Date "2009.09.06"]
[Round "8"]
[White "Astanovskaya, Yulia"]
[Black "Furnari, Franco"]
[Result "1/2-1/2"]
[WhiteElo "1910"]
[BlackElo "1929"]
[PlyCount "198"]
[EventDate "2009.08.31"]

1. e4 e5 2. Nf3 Nc6 3. d4 exd4 4. Bc4 Be7 5. c3 Nf6 6. e5 Ne4 7. Bd5 Nc5 8.
cxd4 Ne6 9. O-O O-O 10. a3 d6 11. Ba2 Ng5 12. Nxg5 Bxg5 13. f4 Be7 14. d5 Nb8
15. e6 f5 16. Nc3 c6 17. Be3 Kh8 18. Qf3 cxd5 19. Bxd5 Nc6 20. g4 Bf6 21. gxf5
Bxc3 22. bxc3 Ne7 23. Bxb7 Bxb7 24. Qxb7 Nxf5 25. Bd4 Qe7 26. Qxe7 Nxe7 27.
Rab1 Rae8 28. Rbe1 a6 29. Re4 Kg8 30. Rb1 Rb8 31. Rb6 Rxb6 32. Bxb6 Nd5 33. Bd4
Rxf4 34. Re2 Rf8 35. c4 Ne7 36. Rb2 Re8 37. c5 dxc5 38. Bxc5 Nd5 39. Rd2 Nf4
40. e7 Ng6 41. Rd7 Kf7 42. Ra7 Nxe7 43. Rxa6 Nf5 44. a4 Ne3 45. Ra7+ Kg6 46. a5
Nd5 47. a6 Rc8 48. Bd4 Rc7 49. Rb7 Rc1+ 50. Kf2 Rc2+ 51. Kg3 Ra2 52. Rxg7+ Kf5
53. a7 Ra3+ 54. Kf2 Ra2+ 55. Kg1 Ke4 56. Rg8 Nc7 57. Bb6 Ra6 58. Bxc7 Rxa7 59.
Bg3 Kf5 60. Kf2 Ra2+ 61. Kg1 h5 62. Rf8+ Kg4 63. Rf4+ Kg5 64. h4+ Kg6 65. Rf2
Ra1+ 66. Kg2 Ra5 67. Rf8 Kg7 68. Re8 Kf6 69. Rg8 Ra2+ 70. Kh3 Ra5 71. Bf4 Ra3+
72. Rg3 Ra4 73. Bd2 Ra2 74. Bc3+ Ke6 75. Bb4 Rb2 76. Bf8 Kf7 77. Bh6 Rb6 78.
Rg7+ Kf6 79. Rg5 Rb3+ 80. Rg3 Rb5 81. Bg5+ Kg6 82. Bf4+ Kh7 83. Rg5 Rb3+ 84.
Kg2 Rb2+ 85. Kf1 Rb1+ 86. Ke2 Rh1 87. Rxh5+ Kg6 88. Rg5+ Kh7 89. h5 Ra1 90. h6
Ra7 91. Kf3 Rf7 92. Rg4 Re7 93. Kg3 Rb7 94. Kh4 Rb3 95. Rg7+ Kh8 96. Be5 Rh3+
97. Kg5 Rh5+ 98. Kf6 Rxe5 99. Kg6 Re6+ 1/2-1/2

[Event "VII Festival A"]
[Site "Amantea ITA"]
[Date "2009.09.06"]
[Round "8"]
[White "Bentivegna, Francesco"]
[Black "Rotelli, Pietro"]
[Result "1-0"]
[WhiteElo "2324"]
[BlackElo "1974"]
[PlyCount "60"]
[EventDate "2009.08.31"]

1. e4 c6 2. Nf3 d5 3. exd5 cxd5 4. Ne5 Nf6 5. d4 g6 6. Bd3 Nc6 7. c3 Bg7 8. f4
Bf5 9. Be2 h5 10. Nd2 Nxe5 11. fxe5 Nd7 12. O-O e6 13. Nf3 Bh6 14. Bxh6 Rxh6
15. Qd2 Rh8 16. b3 a6 17. c4 Kf8 18. cxd5 exd5 19. Qb4+ Kg7 20. Qxb7 Be6 21.
Qb4 a5 22. Qd2 a4 23. b4 Qb6 24. Rac1 Rhc8 25. Rc5 Nxc5 26. dxc5 Qd8 27. a3 Qe7
28. Nd4 Bd7 29. Qf4 Be8 30. Bxh5 g5 1-0

[Event "VII Festival A"]
[Site "Amantea ITA"]
[Date "2009.09.06"]
[Round "8"]
[White "Caizzone, Vito"]
[Black "Oschetzki, Stefan"]
[Result "1-0"]
[WhiteElo "2062"]
[BlackElo "2178"]
[PlyCount "149"]
[EventDate "2009.08.31"]

1. d4 g6 2. c4 Bg7 3. Nc3 f5 4. Nf3 Nf6 5. g3 O-O 6. Bg2 d6 7. O-O c6 8. d5 e5
9. dxe6 Bxe6 10. Qa4 Nbd7 11. Rd1 Nb6 12. Qc2 Bxc4 13. Bf4 d5 14. Ne5 Ba6 15.
b4 Rc8 16. a4 Qe7 17. a5 Nc4 18. Nxc4 Bxc4 19. Rab1 Rfe8 20. Be3 a6 21. Rd2 Ng4
22. Bc5 Qc7 23. e4 fxe4 24. Nxe4 Re6 25. f3 Ne5 26. Ng5 Rf6 27. Bh3 Re8 28. Re1
h6 29. f4 hxg5 30. fxe5 Rxe5 31. Red1 Re4 32. Rf2 Qe5 33. Bf1 Re6 34. Qd2 Bxf1
35. Rdxf1 Re1 36. Bb6 Rxf1+ 37. Rxf1 Bf6 38. Qg2 g4 39. Qf2 Kg7 40. Bc5 d4 41.
Rd1 Qe2 42. Qxe2 Rxe2 43. Bxd4 Re7 44. Bc5 Rf7 45. Re1 Rd7 46. Re4 Rd2 47. Rxg4
Kf7 48. Re4 Rc2 49. Re1 Rd2 50. Rf1 Ke6 51. Rf4 Be5 52. Rh4 Bf6 53. Rh7 Rd7 54.
Rxd7 Kxd7 55. Kf2 Ke6 56. Kf3 Kd5 57. h4 Bd8 58. Kf4 Bxa5 59. Kg5 Bd8+ 60. Kxg6
b6 61. Bf8 c5 62. bxc5 bxc5 63. h5 Bc7 64. h6 Bxg3 65. h7 Be5 66. Bg7 Bxg7 67.
Kxg7 c4 68. h8=Q c3 69. Qh7 Kc4 70. Qc2 a5 71. Kf6 Kd4 72. Kf5 a4 73. Qxa4+ Kd3
74. Qd1+ Ke3 75. Qc2 1-0

[Event "VII Festival A"]
[Site "Amantea ITA"]
[Date "2009.09.06"]
[Round "8"]
[White "Calzetta Ruiz, Monica"]
[Black "Efimov, Igor"]
[Result "0-1"]
[WhiteElo "2344"]
[BlackElo "2433"]
[PlyCount "54"]
[EventDate "2009.08.31"]

1. e4 c5 2. Nf3 d6 3. d4 cxd4 4. Nxd4 Nf6 5. Nc3 Bd7 6. Bg5 e6 7. Qd2 a6 8. f3
h6 9. Be3 Nc6 10. O-O-O b5 11. Nxc6 Bxc6 12. Ne2 Qc7 13. Nd4 Bb7 14. Bd3 Be7
15. g4 Nd7 16. h4 d5 17. g5 Ne5 18. gxh6 gxh6 19. Kb1 dxe4 20. fxe4 O-O-O 21.
Rhf1 Bxh4 22. Qh2 Bg5 23. Bxg5 hxg5 24. Qg1 g4 25. Bxb5 Rxd4 26. Qxd4 axb5 27.
Rxf7 Nxf7 0-1

[Event "VII Festival A"]
[Site "Amantea ITA"]
[Date "2009.09.06"]
[Round "8"]
[White "Colucci, Pasquale"]
[Black "Hajenius, Willem"]
[Result "1/2-1/2"]
[WhiteElo "1946"]
[BlackElo "2025"]
[PlyCount "111"]
[EventDate "2009.08.31"]

1. e4 c5 2. c3 b6 3. d4 Bb7 4. Nd2 cxd4 5. cxd4 g6 6. Ngf3 Bg7 7. Bc4 e6 8. e5
Ne7 9. Qe2 Qc7 10. O-O O-O 11. Bd3 d6 12. Nc4 dxe5 13. dxe5 Nbc6 14. Be4 Ba6
15. Bf4 Nd5 16. Bg3 Nce7 17. Rac1 Rac8 18. Bd3 Bh6 19. Ncd2 Bxd3 20. Qxd3 Qxc1
21. Rxc1 Rxc1+ 22. Nf1 Nf5 23. N3d2 Nb4 24. Qe2 Nd4 25. Qe4 Rd8 26. f4 Nxa2 27.
h3 Rd1 28. Bh4 Rd5 29. Kh2 Nf5 30. Bf6 Nc1 31. Qa4 b5 32. Qxd1 Bxf4+ 33. g3
Nxg3 34. Kg2 Nxf1 35. Qxf1 Rxd2+ 36. Kf3 Nd3 37. Ke4 g5 38. Qg1 Nf2+ 39. Kf3
Nxh3 40. Qxa7 Rd3+ 41. Ke4 Re3+ 42. Kd4 h6 43. Qb8+ Kh7 44. Qh8+ Kg6 45. Qg7+
Kf5 46. Qxf7 Re4+ 47. Kc5 Bxe5 48. Bg7+ Kg4 49. Qxe6+ Kf4 50. Qxh6 Bxg7 51.
Qxg7 Re5+ 52. Kd4 Re4+ 53. Kd5 g4 54. Qf6+ Ke3 55. Qc3+ Kf4 56. Qf6+ 1/2-1/2

[Event "VII Festival A"]
[Site "Amantea ITA"]
[Date "2009.09.06"]
[Round "8"]
[White "Cordi', Domenico"]
[Black "Van Asseldonk, Paul"]
[Result "0-1"]
[WhiteElo "2060"]
[BlackElo "2107"]
[PlyCount "98"]
[EventDate "2009.08.31"]

1. d4 Nf6 2. Nf3 e6 3. g3 b6 4. Bg2 Bb7 5. O-O c5 6. c4 cxd4 7. Nxd4 Bxg2 8.
Kxg2 Qc7 9. Qd3 Nc6 10. Nb5 Qb7 11. Qf3 a6 12. N5c3 O-O-O 13. Be3 Ne5 14. Qxb7+
Kxb7 15. Nd2 Rc8 16. b3 Bb4 17. Bd4 Nc6 18. Bxf6 gxf6 19. Nce4 f5 20. a3 Be7
21. Nc3 Ne5 22. Rfc1 h5 23. Ra2 h4 24. Ndb1 Rcg8 25. e3 Ng4 26. Rh1 Kc7 27. Rd2
Bf6 28. Nd1 Be5 29. Nbc3 Bd6 30. b4 Ne5 31. Nb2 Be7 32. Rhd1 d6 33. a4 hxg3 34.
hxg3 Ng4 35. Rh1 Bf6 36. Nbd1 Ne5 37. Rxh8 Rxh8 38. Rc2 Kd7 39. Ne2 Rc8 40. Nb2
Nc6 41. Nd3 a5 42. b5 Nb4 43. Nxb4 axb4 44. Nc1 d5 45. c5 bxc5 46. a5 c4 47. b6
b3 48. a6 bxc2 49. b7 Kc7 0-1

[Event "VII Festival A"]
[Site "Amantea ITA"]
[Date "2009.09.06"]
[Round "8"]
[White "Doleschal, Johannes"]
[Black "Del Noce, Roberto"]
[Result "1/2-1/2"]
[WhiteElo "2014"]
[BlackElo "1857"]
[PlyCount "54"]
[EventDate "2009.08.31"]

1. d4 Nf6 2. c4 c5 3. d5 b5 4. cxb5 a6 5. bxa6 Bxa6 6. Nc3 g6 7. Nf3 Bg7 8. e4
Bxf1 9. Kxf1 d6 10. g3 O-O 11. Kg2 Qb6 12. Qc2 Na6 13. a3 Rfb8 14. Rb1 Rb7 15.
b3 Rab8 16. Nd2 Nd7 17. Nc4 Qc7 18. Rd1 Ne5 19. Nxe5 Bxe5 20. Ne2 Rb6 21. Qc4
Qb7 22. Rd3 Nc7 23. Bd2 Nb5 24. b4 cxb4 25. axb4 Rc8 26. Qb3 Ra6 27. Rc1 Ra3
1/2-1/2

[Event "VII Festival A"]
[Site "Amantea ITA"]
[Date "2009.09.06"]
[Round "8"]
[White "Duhayon, Yves"]
[Black "De Rosa, Mariagrazia"]
[Result "0-1"]
[WhiteElo "2256"]
[BlackElo "2124"]
[PlyCount "70"]
[EventDate "2009.08.31"]

1. d4 d5 2. Nf3 Nf6 3. c4 dxc4 4. Nc3 a6 5. e4 b5 6. e5 Nd5 7. a4 e6 8. axb5
Nb6 9. Be3 Bb7 10. bxa6 Rxa6 11. Be2 Be7 12. O-O O-O 13. Rxa6 Bxa6 14. Ne4 Nc6
15. Qa1 Nb4 16. Rc1 Qd5 17. Nc5 Ra8 18. Nxa6 Rxa6 19. Qb1 Ra7 20. Bd2 h6 21. h3
c5 22. Be3 cxd4 23. Bxd4 Bc5 24. Bxc5 Qxc5 25. Qe4 Rc7 26. Nd2 Na2 27. Ra1 c3
28. Nb3 cxb2 29. Rxa2 Qc1+ 30. Nxc1 bxc1=Q+ 31. Kh2 Rc8 32. Bd3 g6 33. Qb7 Nd5
34. g3 Qc5 35. Rc2 Nc3 0-1

[Event "VII Festival A"]
[Site "Amantea ITA"]
[Date "2009.09.06"]
[Round "8"]
[White "Estremera Panos, Sergio"]
[Black "Schacher, Gerd"]
[Result "1/2-1/2"]
[WhiteElo "2394"]
[BlackElo "2318"]
[PlyCount "21"]
[EventDate "2009.08.31"]

1. d4 f5 2. Nf3 Nf6 3. g3 g6 4. Bg2 Bg7 5. b3 O-O 6. Bb2 d6 7. O-O Qe8 8. c4
Na6 9. Nbd2 Rb8 10. Qc2 b5 11. cxb5 1/2-1/2

[Event "VII Festival A"]
[Site "Amantea ITA"]
[Date "2009.09.06"]
[Round "8"]
[White "Fox, Pierre"]
[Black "Licciulli, Fabio"]
[Result "0-1"]
[WhiteElo "1796"]
[BlackElo "1937"]
[PlyCount "122"]
[EventDate "2009.08.31"]

1. d4 e6 2. c4 Nf6 3. Nc3 Bb4 4. g3 c5 5. Nf3 b6 6. Bg2 Bb7 7. O-O O-O 8. Nb5
cxd4 9. Nbxd4 d5 10. a3 Be7 11. Ne5 Bd6 12. Nd3 Nc6 13. Nxc6 Bxc6 14. b4 Qd7
15. c5 bxc5 16. bxc5 Be7 17. Bf4 Ba4 18. Qc1 Rfc8 19. Rb1 Qc6 20. Be3 Nd7 21.
Rb4 Bb5 22. Qb2 Bxd3 23. exd3 Bxc5 24. Rg4 f6 25. Rc1 Qb6 26. Qe2 Bxe3 27.
Rxc8+ Rxc8 28. fxe3 Qb1+ 29. Bf1 Rc2 30. Qf3 Kf8 31. Rh4 Ne5 32. Qh5 Rc1 33.
Rf4 Qxd3 34. Qxe5 Rxf1+ 35. Kg2 Rxf4 36. Qd6+ Kf7 37. Qd7+ Kg6 38. exf4 Qe4+
39. Kf2 a5 40. Qe8+ Kh6 41. h3 d4 42. Qb5 Qe3+ 43. Kg2 d3 44. g4 Qe2+ 45. Kg3
Qe3+ 46. Kg2 Qe4+ 47. Kg3 Qd5 48. Qxd5 exd5 49. Kf3 Kg6 50. Ke3 Kf7 51. a4 Ke6
52. Kxd3 Kd6 53. Kd4 g6 54. h4 h5 55. f5 hxg4 56. fxg6 Ke6 57. h5 f5 58. h6 Kf6
59. h7 Kg7 60. Ke3 g3 61. Kf3 f4 0-1

[Event "VII Festival A"]
[Site "Amantea ITA"]
[Date "2009.09.06"]
[Round "8"]
[White "Garofalo, Massimo"]
[Black "Bodenschatz, Josef"]
[Result "0-1"]
[WhiteElo "1996"]
[BlackElo "2038"]
[PlyCount "62"]
[EventDate "2009.08.31"]

1. e4 c6 2. f3 e5 3. d4 Nf6 4. g3 exd4 5. Qxd4 d5 6. Nc3 Be6 7. Bh3 Na6 8. Bxe6
fxe6 9. Qe5 Qd6 10. Qxd6 Bxd6 11. Nge2 O-O 12. exd5 exd5 13. O-O Nb4 14. Nd4
Bc5 15. Be3 Bxd4 16. Bxd4 Nxc2 17. Bc5 Nxa1 18. Bxf8 Kxf8 19. Rxa1 Re8 20. Kf2
b6 21. Rd1 Ke7 22. Ke3 Kd6+ 23. Kd4 c5+ 24. Kd3 a6 25. a4 d4 26. Ne4+ Nxe4 27.
fxe4 Rf8 28. Kc4 Rf3 29. Re1 Kc6 30. e5 b5+ 31. axb5+ axb5# 0-1

[Event "VII Festival A"]
[Site "Amantea ITA"]
[Date "2009.09.06"]
[Round "8"]
[White "Maiorov, Nikita"]
[Black "Lalic, Bogdan"]
[Result "1/2-1/2"]
[WhiteElo "2513"]
[BlackElo "2517"]
[PlyCount "30"]
[EventDate "2009.08.31"]

1. d4 Nf6 2. c4 g6 3. Nf3 Bg7 4. g3 d5 5. Bg2 dxc4 6. Na3 c3 7. bxc3 O-O 8. O-O
c5 9. e3 Nc6 10. Qe2 Nd5 11. Bb2 Nb6 12. Rad1 Qd5 13. Qb5 Qh5 14. Nd2 Bd7 15.
dxc5 Ne5 1/2-1/2

[Event "VII Festival A"]
[Site "Amantea ITA"]
[Date "2009.09.06"]
[Round "8"]
[White "Marchadour, Emilie"]
[Black "Fabiano, Giuseppe"]
[Result "1-0"]
[WhiteElo "2047"]
[BlackElo "2245"]
[PlyCount "65"]
[EventDate "2009.08.31"]

1. e4 c5 2. Nf3 d6 3. d4 cxd4 4. Nxd4 Nf6 5. Nc3 a6 6. f3 e6 7. Be3 b5 8. Qd2
Bb7 9. g4 h6 10. O-O-O Nbd7 11. h4 b4 12. Nce2 d5 13. Bh3 Ne5 14. g5 Nc4 15.
Qd3 hxg5 16. hxg5 Rxh3 17. Rxh3 Nd7 18. Ng3 Nc5 19. Qe2 Qa5 20. Kb1 Nxb2 21.
Kxb2 Na4+ 22. Kc1 b3 23. Nxb3 Ba3+ 24. Kb1 Nc3+ 25. Ka1 Qa4 26. Qd3 Rc8 27. Bc5
Rxc5 28. Nxc5 Qb4 29. Rh8+ Ke7 30. Nb3 Nxd1 31. Ne2 Qe1 32. Nbc1 Bxc1 33. Nxc1
1-0

[Event "VII Festival A"]
[Site "Amantea ITA"]
[Date "2009.09.06"]
[Round "8"]
[White "Mrdja, Milan"]
[Black "Valguarnera, Girolamo"]
[Result "1-0"]
[WhiteElo "2418"]
[BlackElo "2151"]
[PlyCount "131"]
[EventDate "2009.08.31"]

1. e4 c6 2. d4 d5 3. f3 e6 4. Nc3 Be7 5. Be3 Nf6 6. e5 Nfd7 7. f4 Nb6 8. Qg4 g6
9. h4 h5 10. Qg3 Nc4 11. Bxc4 dxc4 12. Nf3 Na6 13. O-O Nb4 14. Qf2 Nd5 15. Ne4
b6 16. Rad1 Bb7 17. Rfe1 Qc7 18. b3 c3 19. Bc1 a5 20. a3 Ba6 21. Nfg5 Rc8 22.
Qg3 c5 23. dxc5 Bxc5+ 24. Nxc5 Qxc5+ 25. Kh2 Qc6 26. Ne4 Kd7 27. a4 Kc7 28. Ba3
Kb8 29. Rd4 Ka8 30. Qf3 Bb7 31. Nd6 Rc7 32. Ree4 Ba6 33. Re1 Bb7 34. Kh3 Rh7
35. Qf2 Rh8 36. Rc4 Qd7 37. Rd1 Ba6 38. Rcd4 Qc6 39. Bc1 Rb8 40. Be3 Ka7 41.
Qf3 Ka8 42. Kg3 Ka7 43. Kf2 Ka8 44. Rxd5 exd5 45. Rxd5 Rg8 46. Nb5 Bxb5 47.
axb5 Qb7 48. Rd6 Qxf3+ 49. Kxf3 a4 50. bxa4 Rc4 51. Rxb6 Rxa4 52. Rc6 Kb7 53.
Rf6 Rg7 54. Ke2 Ra1 55. Kd3 Rh1 56. Kxc3 Rxh4 57. Kd3 Rg4 58. c4 Rxg2 59. c5
Ra2 60. c6+ Kc8 61. b6 Rb2 62. e6 Rg8 63. e7 Rb5 64. Bd4 Re8 65. Rxf7 Rf5 66.
Be5 1-0

[Event "VII Festival A"]
[Site "Amantea ITA"]
[Date "2009.09.06"]
[Round "8"]
[White "Mullon, Jean-Baptiste"]
[Black "Levin, Felix"]
[Result "1/2-1/2"]
[WhiteElo "2357"]
[BlackElo "2491"]
[PlyCount "42"]
[EventDate "2009.08.31"]

1. e4 c6 2. d4 d5 3. Nc3 dxe4 4. Nxe4 Bf5 5. Ng3 Bg6 6. h4 h6 7. Nf3 Nd7 8. h5
Bh7 9. Bd3 Bxd3 10. Qxd3 e6 11. Bf4 Qa5+ 12. Bd2 Bb4 13. c3 Be7 14. c4 Qc7 15.
O-O-O Ngf6 16. Ne4 O-O 17. Nxf6+ Nxf6 18. Ne5 Rad8 19. Bf4 Bd6 20. Qg3 Ne4 21.
Qe3 f5 1/2-1/2

[Event "VII Festival A"]
[Site "Amantea ITA"]
[Date "2009.09.06"]
[Round "8"]
[White "Naumkin, Igor"]
[Black "Gromovs, Sergejs"]
[Result "1-0"]
[WhiteElo "2481"]
[BlackElo "2339"]
[PlyCount "65"]
[EventDate "2009.08.31"]

1. d4 d5 2. c4 e6 3. Nf3 Bb4+ 4. Bd2 Be7 5. e3 f5 6. g3 Nh6 7. Bg2 c6 8. O-O
Bd7 9. Ne5 Bf6 10. Nxd7 Nxd7 11. Qe2 Qe7 12. a3 O-O-O 13. Rc1 Kb8 14. Bb4 Qf7
15. Bd6+ Ka8 16. b4 Nb6 17. c5 Nc4 18. Rxc4 dxc4 19. Nd2 Rxd6 20. cxd6 e5 21.
Nxc4 e4 22. Rc1 Qe6 23. f3 Nf7 24. fxe4 fxe4 25. a4 Nxd6 26. Nxd6 Qxd6 27. b5
cxb5 28. Qxb5 a6 29. Qb1 Re8 30. Bxe4 Qe7 31. a5 Bg5 32. Rc3 Kb8 33. Bxb7 1-0

[Event "VII Festival A"]
[Site "Amantea ITA"]
[Date "2009.09.06"]
[Round "8"]
[White "Nikolova, Adriana"]
[Black "Delorme, Axel"]
[Result "1-0"]
[WhiteElo "2316"]
[BlackElo "2434"]
[PlyCount "65"]
[EventDate "2009.08.31"]

1. e4 e5 2. Nf3 Nc6 3. Bb5 a6 4. Ba4 Nf6 5. O-O Be7 6. Re1 b5 7. Bb3 d6 8. c3
O-O 9. h3 a5 10. d4 a4 11. Bc2 Bd7 12. Nbd2 h6 13. Nf1 Re8 14. Ng3 Bf8 15. Be3
exd4 16. cxd4 a3 17. bxa3 Rxa3 18. Bc1 Ra8 19. e5 Nd5 20. Bxh6 gxh6 21. Qd3 f5
22. Nxf5 Re6 23. Ne3 Bg7 24. Nxd5 dxe5 25. dxe5 Nxe5 26. Nxe5 Rxe5 27. Rxe5
Bxe5 28. Qh7+ Kf8 29. Qxh6+ Bg7 30. Qf4+ Kg8 31. Re1 Ra6 32. Ne7+ Kh8 33. Qh4+
1-0

[Event "VII Festival A"]
[Site "Amantea ITA"]
[Date "2009.09.06"]
[Round "8"]
[White "Scerbo, Antonio"]
[Black "Abatino, Maurizio"]
[Result "1/2-1/2"]
[WhiteElo "2086"]
[BlackElo "2163"]
[PlyCount "36"]
[EventDate "2009.08.31"]

1. Nf3 Nf6 2. g3 g6 3. Bg2 Bg7 4. O-O d6 5. c4 c5 6. Nc3 Nc6 7. d3 O-O 8. Rb1
a6 9. a3 Nd7 10. Bd2 Rb8 11. b4 Nce5 12. Nxe5 Nxe5 13. b5 Bg4 14. h3 Be6 15.
bxa6 bxa6 16. Rxb8 Qxb8 17. Qc2 Qc8 18. Kh2 Nc6 1/2-1/2

[Event "VII Festival A"]
[Site "Amantea ITA"]
[Date "2009.09.06"]
[Round "8"]
[White "Schrott, Ernst"]
[Black "Schiappoli, Dario"]
[Result "0-1"]
[WhiteElo "2059"]
[BlackElo "1982"]
[PlyCount "92"]
[EventDate "2009.08.31"]

1. e4 c5 2. Nf3 d6 3. d4 cxd4 4. Nxd4 Nf6 5. Nc3 a6 6. Be3 Qc7 7. f3 e6 8. Qd2
Nbd7 9. g4 Nb6 10. O-O-O Nc4 11. Bxc4 Qxc4 12. Kb1 b5 13. e5 b4 14. Na4 Nd5 15.
exd6 Bd7 16. b3 Qc8 17. Ne2 Bxa4 18. bxa4 Bxd6 19. Bd4 Rb8 20. Ka1 O-O 21. Bxg7
Be7 22. Be5 Qc6 23. g5 Rbc8 24. Rc1 Rfd8 25. g6 fxg6 26. Qh6 Bf8 27. Qh3 Nc3
28. Nd4 Rxd4 29. Bxd4 Qc4 30. Bxc3 Qxc3+ 31. Kb1 Bg7 32. Qxe6+ Kh8 33. Qxc8+
Qxc8 34. Rcd1 h5 35. Rd3 Qc6 36. Rhd1 Qf6 37. Kc1 Qb2+ 38. Kd2 Qxa2 39. Rd8+
Kh7 40. Rd7 Qxa4 41. Kc1 Qa3+ 42. Kd2 Qc3+ 43. Kc1 a5 44. Rb7 Kh6 45. Rdd7 Be5
46. h4 Qe1+ 0-1